00521nam a2200157Ia 450000500170000000800410001704100080005808200160006610000280008224500290011026000420013930000090018165000230019099900190021395201310023220250729165740.0250729s2014 xx 000 0 und d akan a370.15 SUNS aDr.Suneetha C N9232051 aShykshanikha Manovijnana aMysorebShruthi Loka Prakashanac2014 a464p aPsychology9232052 c239589d239589 00104070aALbALd2025-07-29eManagement Bookg450.00l0o370.15 SUNSpBED04908r2025-07-29 16:57:40v450.00w2025-07-29yBK